000 00944nam a2200217Ia 4500
999 _c38168
_d38168
001 4158
003 GE_BSU
005 20190923122430.0
008 181216s1981||||ge |||||||||||||| ||geo||
040 _cGE_BSU
041 _ageo
080 _a39(479.22) მ–36
245 _aმასალები საქართველოს ეთნოგრაფიისათვის :
_bტ. 21 /
_cრედ. ვ. ითონიშვილი.
264 _aთბილისი:
_bმეცნიერება,
_c1981.
300 _a182 გვ. ;
_b26 სმ.
541 _h3 ლ.
653 _aეთნოგრაფია
700 _aითონიშვილი, ვ.
_eრედაქტორი
_93884
710 _aსაქ. სსრ მეცნ. აკად., ივ. ჯავახიშვილის სახ. ისტ., არქეოლ. და ეთნოგრ. ინ-ტი.
_94105
942 _cBK
_2udc